FAO agricultural servicies bulletin; N87 Guidelines for the establishment, operation and management of cereal banks

Saved in:
Bibliographic Details
Main Author: Jan Kat
Format: Book
Language:Undetermined
Published: Rome FAO 1992
Subjects:
Tags: Add Tag
No Tags, Be the first to tag this record!
Institutions: Trung tâm Học liệu Trường Đại học Cần Thơ
LEADER 00583nam a2200193Ia 4500
001 CTU_3741
008 210402s9999 xx 000 0 und d
082 |a 630 
082 |b F218/N87 
100 |a Jan Kat 
245 0 |a FAO agricultural servicies bulletin; N87 
245 0 |b Guidelines for the establishment, operation and management of cereal banks 
245 0 |c Jan Kat 
260 |a Rome 
260 |b FAO 
260 |c 1992 
650 |a agriculture,food supply,grain 
904 |i Nguyễn Quang Điền, 960530 
980 |a Trung tâm Học liệu Trường Đại học Cần Thơ